Egyéni utazók motivációi és kihívásai az El Camino de Santiagón
| Szerző: | |
|---|---|
| További közreműködők: | |
| Dokumentumtípus: | Diplomadolgozat |
| Kulcsszavak: | külföldi utazások motiváció szálláshelyek turizmus zarándoklat |
| Online Access: | http://dolgozattar.uni-bge.hu/59810 |
MARC
| LEADER | 00000nta a2200000 i 4500 | ||
|---|---|---|---|
| 001 | dolg59810 | ||
| 005 | 20260409145607.0 | ||
| 008 | 260409suuuu hu om 000 hun d | ||
| 040 | |a BGE Dolgozattár Repozitórium |b hun | ||
| 041 | |a hu | ||
| 100 | 1 | |a Varró Vanda Vivien | |
| 245 | 1 | 0 | |a Egyéni utazók motivációi és kihívásai az El Camino de Santiagón |c Varró Vanda Vivien |h [elektronikus dokumentum] |
| 520 | 3 | |a Az egyéni utazás és az El Camino népszerűsége az elmúlt évtizedekben folyamatosan nőtt, ez nem csupán egy új trend, hanem mélyebb társadalmi változásokat és személyes törekvéseket tükröz, amelyben a motivációk és kihívások szorosan összekapcsolódnak. Szakdolgozatom az egyéni utazók motivációit, kihívásait és a szállásadók szerepét vizsgálja az El Camino de Santiagón. Az elemzés során kombinált módszertant alkalmaztam: kérdőíves felmérést és interjúkat készítettem, hogy mind a keresleti, mind a kínálati oldalt megvizsgáljam. A kutatás rávilágított arra, hogy az egyéni utazók legfőbb motivációi az önismeret, személyes határok feszegetése, szociális kapcsolatok kialakítása. Az egyéni utazók kihívásai között kiemelkednek a fizikai és mentális nehézségek, valamint a logisztikai és nyelvi akadályok. A szakdolgozat fejlesztési javaslatokat fogalmaz meg a szállásadók számára, beleértve az infrastruktúra fejlesztését, közösségi programok bevezetését, valamint a tájékozódás és a nyelvi problémák csökkentését. Javaslatokkal szolgál továbbá az egyéni utazóknak a kihívások leküzdésére és a nehézségek minimalizálására. A kutatás hozzájárul az egyéni utazók szegmensének átfogóbb megértéséhez és az El Camino jövőbeli turisztikai stratégiáinak kidolgozásához. | |
| 695 | |a külföldi utazások | ||
| 695 | |a motiváció | ||
| 695 | |a szálláshelyek | ||
| 695 | |a turizmus | ||
| 695 | |a zarándoklat | ||
| 700 | 1 | |a Nagy Adrienne |e ths | |
| 856 | 4 | 0 | |u http://dolgozattar.uni-bge.hu/59810/1/Szakdolgozat_Varr%C3%B3VandaVivien2025.pdf |z Dokumentum-elérés |
| 856 | 4 | 0 | |u http://dolgozattar.uni-bge.hu/59810/2/Varr%C3%B3_Vanda_Vivien_opponens_Magyar_M%C3%A1rton.pdf |z Dokumentum-elérés |
| 856 | 4 | 0 | |u http://dolgozattar.uni-bge.hu/59810/3/B%C3%ADr%C3%A1lati%20lap_BSc_Varr%C3%B3%20Vanda_El%20Camin%C3%B3.pdf |z Dokumentum-elérés |